| 000 | 00749nam a22002057a 4500 | ||
|---|---|---|---|
| 999 |
_c17888 _d17888 |
||
| 003 | OSt | ||
| 005 | 20230127105503.0 | ||
| 008 | 230127b ||||| |||| 00| 0 eng d | ||
| 040 | _c0 | ||
| 082 | _aDPer 910.46 T156 2019 v76PA-76PB | ||
| 100 |
_aShin, Joongwon _eauthor. _947572 |
||
| 245 |
_aWhen organic food choice shape subsequent food choices : _bthe interplay of gender and health consciousness / _cJoongwon Shin and Anna S. Mattila. |
||
| 260 |
_aAmsterdam : _bElsevier, _c©January 2019. |
||
| 300 | _av 76PA, pages 94-101 : illustrations. | ||
| 650 |
_aHospitality industry. _947573 |
||
| 650 |
_aNatural foods. _925638 |
||
| 700 |
_aShin, Joongwon _eauthor. _947572 |
||
| 700 |
_aMattila, Anna S. _eauthor. _947574 |
||
| 942 |
_2ddc _cPER |
||